Statistiques concernant retrouver les studios qui ont développées c'est jeux

Cliquez ici pour prendre le quiz!

Statistiques générales

  • Ce quiz a été pris 18 fois
  • Le résultat moyen est 7 sur 100

Statistiques - réponses

jeuxdéveloppeurs% Correct
fifaEA
81%
for honorubisoft
69%
minecraftmojang
50%
gears of warmicrosoft
44%
diablo IVblizzard entertainment
38%
fortniteepic games
38%
valorantriot games
38%
dofusankama
25%
skyrimbethesda
25%
clash of clanssupercell
25%
dragon ball xenoversebandai namco
19%
tekken 7bandai namco games
19%
cyberpunk 2077cd projekt
19%
unchartednaughty dog
19%
hollow knightteam cherry
19%
counter strikevalve
19%
monster hunter freedom unitecapcom
13%
rocket leaguepsyonix
13%
sea of thievesrare
13%
octopath travelersquare enix
13%
destiny 2bungies studios
6%
goat simulatorcoffee stain
6%
the forestendnight games
6%
elden ringfromsoftware
6%
disney dreamlight valleygameloft
6%
efootballkonami
6%
max paynerockstar games
6%
crazy taxisega
6%
ghost of tsushimasucker punch productions
6%
lego indiana jones the original trilogytraveller's tales
6%
duke nukem3d realms
0%
metro4A games
0%
dishonoredarcane studios
0%
guilds wars 2arenanet
0%
moto racer 4artefacts studio
0%
a plague taleasobo studios
0%
persona 5atlus
0%
hogwarts legacyavalanche software
0%
beamng drivebeamNG
0%
dragon agebioware
0%
verdunblackmill games
0%
mediumbloober team
0%
brawlhallablue mammoth games
0%
flatout 2bugbear entertainement
0%
burnout paradisecriterion software
0%
crysiscrytek
0%
bloodbowlcyanide
0%
hatreddestructive creations
0%
hotline miamidevolver digital
0%
skater xleasy day studios
0%
scornebb swoftware
0%
thiefeidos interactive
0%
titanfallelectronic arts
0%
biomutantexperiment 101
0%
warhammer vermintide 2fatshark
0%
trek to yomiflying wild hog
0%
borderlandgearbox software
0%
farming simulatorgiant software
0%
let it diegrasshopper manufacture
0%
fuserharmonix music systems
0%
pga tour 2k23hb studios
0%
smitehi rez studio
0%
bombermanhudson soft
0%
cloudpunkion lands
0%
candy crush sagaking
0%
death strandingkojima productions
0%
forspokenluminous productions
0%
true crime new york cityluxoflux
0%
fall guysmediatonic
0%
metroid dreadmercurysteam entertainement
0%
ride 4milestone
0%
la terre du milieu l'ombre de la guerremonolithproductions
0%
mortal kombat 11netherRealm studio
0%
samurai warriors 4omega force
0%
ghostrunnerone more level
0%
dauntlessphoenix labs
0%
risenpiranha bytes
0%
pubgpubg studios
0%
heavy rainquatic dream
0%
descendersragesquid
0%
sniper eliterebellion developements
0%
outlastred barrells
0%
trials risingredlynx
0%
guitar herored octane
0%
age of empirerelic entertainement
0%
geomeetry dashrobtop games
0%
only upsckr games
0%
euro truck simulator 2scs software
0%
virtua tennissega am3
0%
sifusloclap
0%
cupheadstudio mhdr
0%
kao the kangarootate multimedia
0%
hell let looseteam 17
0%
undertaletoby fox
0%
trovetrion worlds
0%
forza motorsportturn 10 studios
0%
two points campustwo points studios
0%
knockout cityvelan studios
0%
dead spacevisceral games
0%
pure poolsvoofoo studios
0%

Distribution des résultats

Percentile par nombre de réponses

% des personnes avec chaque résultat

Votre développement - résultats

Vous n’avez pas pris ce quiz